| 000 | 00813nam a2200229 i 4500 | ||
|---|---|---|---|
| 001 | 150514 | ||
| 003 | ES-MaACL | ||
| 005 | 20231223063105.0 | ||
| 007 | t| | ||
| 008 | 071031s1956 sp ||||1| spa d | ||
| 080 | _a929 Valera, Juan | ||
| 100 | 1 |
_aValera, Juan, _d1824-1905 _9112638 |
|
| 245 | 1 | 0 |
_aCorrespondencia de Don Juan Valera (1859-1905) _b: cartas inéditas / _cpublicadas con una introducción de Cyrus C. de Coster. |
| 260 |
_aValencia : _bCastalia, _c1956. |
||
| 300 |
_a318 p. ; _c22 cm. |
||
| 490 | 1 |
_aBiblioteca de erudición y crítica ; _v2 |
|
| 600 | 1 | 4 |
_aValera, Juan, _d1824-1905- _vCorrespondencia _9112640 |
| 700 | 1 |
_aDeCoster, Cyrus Cole ( _d1914-1999) _9176198 |
|
| 830 | 1 |
_aBiblioteca de erudición y crítica ; _v2 _9185565 |
|
| 852 | 4 |
_aES-MaACL _jC-10910 |
|
| 999 |
_c150514 _d150514 |
||